News of the world 2020 / directed by Paul, Greengrass ; produced by Gary, Goetzman, Gail, Mutrux, Gregory, Goodman. (Record no. 20962)

000 -LEADER
fixed length control field 01433nam a22002777a 4500
008 - FIXED-LENGTH DATA ELEMENTS--GENERAL INFORMATION
fixed length control field 250528b xxu||||| |||| 00| 0 eng d
040 ## - CATALOGING SOURCE
Original cataloging agency Cagayan State University
Description conventions RDA
082 ## - DEWEY DECIMAL CLASSIFICATION NUMBER
Classification number 791.4372
Item number N5583 2020
245 ## - TITLE STATEMENT
Title News of the world 2020 / directed by Paul, Greengrass ; produced by Gary, Goetzman, Gail, Mutrux, Gregory, Goodman.
260 ## - PUBLICATION, DISTRIBUTION, ETC. (IMPRINT)
Place of publication, distribution, etc United States :
Name of publisher, distributor, etc Universal Pictures ;
-- Perfect World Pictures ;
-- Playtone ;
-- Pretty Pictures ;
-- Universal Pictures ;
-- Netflix,
Date of publication, distribution, etc 2020.
300 ## - PHYSICAL DESCRIPTION
Extent 1 videofile, (ca. 118 mins.)
Other physical details sound, color.
520 ## - SUMMARY, ETC.
Summary, etc Five years after the end of the Civil War, Capt. Jefferson Kyle Kidd crosses paths with a 10-year-old girl taken by the Kiowa people. Forced to return to her aunt and uncle, Kidd agrees to escort the child across the harsh and unforgiving plains of Texas. However, the long journey soon turns into a fight for survival as the traveling companions encounter danger at every turn -- both human and natural.
650 ## - SUBJECT ADDED ENTRY--TOPICAL TERM
Topical term or geographic name as entry element Action.
650 ## - SUBJECT ADDED ENTRY--TOPICAL TERM
Topical term or geographic name as entry element Drama.
700 ## - ADDED ENTRY--PERSONAL NAME
Personal name Hanks, Tom, star.
700 ## - ADDED ENTRY--PERSONAL NAME
Personal name Zengel, Helena, star.
700 ## - ADDED ENTRY--PERSONAL NAME
Personal name Covino, Michael Angelo, star.
700 ## - ADDED ENTRY--PERSONAL NAME
Personal name McKinnon, Ray, star.
700 ## - ADDED ENTRY--PERSONAL NAME
Personal name Winningham, Mare, star.
700 ## - ADDED ENTRY--PERSONAL NAME
Personal name Marvel, Elizabeth, star.
700 ## - ADDED ENTRY--PERSONAL NAME
Personal name Hechinger, Fred, star.
700 ## - ADDED ENTRY--PERSONAL NAME
Personal name Camp, Bill, star.
700 ## - ADDED ENTRY--PERSONAL NAME
Personal name Wolski, Dariusz, cinematographer.
700 ## - ADDED ENTRY--PERSONAL NAME
Personal name Goldenberg, William, editor.
942 ## - ADDED ENTRY ELEMENTS (KOHA)
Source of classification or shelving scheme
Item type Audio-Visual Materials
Holdings
Source of acquisition Price effective from Permanent location Date last seen Not for loan Date acquired Source of classification or shelving scheme Koha item type Collection code Shelving location Damaged status Lost status Withdrawn status Current location Full call number
Donation2025-05-28Cagayan State University - Carig Library2025-05-28 2025-05-28 Audio-Visual MaterialsElectronic Media CenterElectronic Media Center   Cagayan State University - Carig Library791.4372 N5583 2020

Cagayan State University University Library, Carig Campus
Tuguegarao City, Cagayan 3500 | www.csucarig.edu.ph

Powered by Koha